000 00832nam a2200253Ia 4500
003 GCL
008 140319s9999 xx 000 0 ara d
040 _aGCL /
_cGCL
082 0 4 _aق
_b962.0352
_bع خ
100 1 _aعادل احمد سركيس
245 1 0 _aالخيانة هزمت عرابى /
_cعادل احمد سركيس
260 _a[S.N] :
_bالهيئة المصرية العامة للكتاب ،
_c1989
300 _a128 ص
490 _a
650 0 4 _aالعصر الحديث
650 0 4 _aمصر
650 0 4 _aتاريخ
650 0 4 _aالمقاومة الشعبية
650 0 4 _aالجيش المصرى
650 0 4 _aالاحتلال البريطانى
650 0 4 _aاحمد عرابى
650 0 4 _aمصر - تاريخ - العصر الحديث - الثورة العرابية
942 _2ddc
_cBK
999 _c57830
_d57830